000 01103cam a2200217 4500
001 WB3931-24
008 030815n2003 000 0 eng u
035 _a(Sirsi) u123277
245 _aProperty returns on the increase
260 _c2003
490 _aGerald Eve Press Release
_v 4 August 2003 (1)
520 _aThe latest Gerald Eve "Investment brief" reports that returns on investment in commercial property will rise from 6.5% at the beginning of 2003 to 7.9% over the first two quarters. The retail and industrial sectors are set to be the best performers for 2003 and 2004 respectively, while the office sector is expected to be the worst performer in the short term, but to bounce back in the medium term. Copies of the report can be downloaded from http://www.geraldeve.com. http://www.geraldeve.com/Asp/templateManager/render/sites/1/render.aspx?siteID=1&sID=2&dID=289
590 _aWB
650 _aPROPERTY INVESTMENT
650 _aCOMMERCIAL SECTOR
650 _aRETAIL SECTOR
650 _aOFFICE SECTOR
650 _aINDUSTRIAL SECTOR
690 _aINVESTMENT
942 _n0
999 _c73224
_d73224